| 000 | 00600nam a22001937a 4500 | ||
|---|---|---|---|
| 999 |
_c179592 _d179592 |
||
| 005 | 20210623151100.0 | ||
| 010 | _aB-740280 | ||
| 020 |
_a9788188965601 _c375.00 |
||
| 035 | _aB-740280 | ||
| 037 | _bGift | ||
| 082 | _a810 | ||
| 100 | _aThapar, Romila | ||
| 245 |
_aSakuntala: _btexts, readings, histories / _cby Romila Thapar |
||
| 260 |
_aNew Delhi _bWomen Unlimited _c2010 |
||
| 270 |
_aK-36, Haus Khas Enclave _bNew Delhi _e110016 |
||
| 300 |
_ax, 271p. _c21cm(pbk) |
||
| 942 |
_2ddc _cEN _h810 _mTHA |
||